Catálogo público

Evaluación de proyectos : / (Record no. 111021)

MARC details
000 -CABECERA
campo de control de longitud fija 00750nam a2200277 a 4500
001 - NÚMERO DE CONTROL
campo de control 000114560
003 - IDENTIFICADOR DEL NÚMERO DE CONTROL
campo de control CHAP
005 - FECHA Y HORA DE LA ÚLTIMA TRANSACCIÓN
campo de control 20220329144446.0
008 - DATOS DE LONGITUD FIJA--INFORMACIÓN GENERAL
campo de control de longitud fija 180305s1990 mx a |r| ||||||spa d
010 ## - NÚMERO DE CONTROL DE LA BIBLIOTECA DEL CONGRESO
Número de control de LC 111021
011 ## - ENLACE DEL NUMERO DE CONTROL DE LA BIBLIOTECA DEL CONGRESO [OBSOLETO]
Número de control de LC 111993
020 ## - NÚMERO INTERNACIONAL ESTÁNDAR DEL LIBRO
Número Internacional Estándar del Libro 9684227755
040 ## - FUENTE DE LA CATALOGACIÓN
Centro/agencia transcriptor CHAP
082 04 - NÚMERO DE LA CLASIFICACIÓN DECIMAL DEWEY
Número de clasificación 332.67
Número de documento/Ítem B3 1990
100 00 - ENTRADA PRINCIPAL--NOMBRE DE PERSONA
Nombre de persona Baca Urbina, Gabriel.
9 (RLIN) 9265
245 10 - MENCIÓN DE TÍTULO
Título Evaluación de proyectos : /
Mención de responsabilidad, etc. análisis y administración del riesgo.
250 ## - MENCIÓN DE EDICIÓN
Mención de edición 2 ed.
260 ## - PUBLICACIÓN, DISTRIBUCIÓN, ETC.
Lugar de publicación, distribución, etc. Mexico, D.F. :
Nombre del editor, distribuidor, etc. McGraw -Hill,
Fecha de publicación, distribución, etc. 1990.
300 ## - DESCRIPCIÓN FÍSICA
Extensión 284 p. :
Otras características físicas il.
590 ## - NOTA LOCAL (RLIN)
Nota local E11695DGD
Procedencia (VM) [OBSOLETO] 10
Condición del los carretes individuales (VM) [OBSOLETO] 20180307
-- UCH01
-- 1151
590 ## - NOTA LOCAL (RLIN)
Nota local E5765TAJ
Procedencia (VM) [OBSOLETO] 05
Condición del los carretes individuales (VM) [OBSOLETO] 20180305
-- UCH01
-- 0926
650 14 - PUNTO DE ACCESO ADICIONAL DE MATERIA--TÉRMINO DE MATERIA
Término de materia o nombre geográfico como elemento de entrada Proyectos
Subdivisión general Evaluación.
9 (RLIN) 92525
901 ## - ELEMENTOS DE DATOS A LOCAL LDA (RLIN)
a BK
942 ## - ELEMENTOS DE PUNTO DE ACCESO ADICIONAL (KOHA)
Tipo de ítem Koha Libro
942 ## - ELEMENTOS DE PUNTO DE ACCESO ADICIONAL (KOHA)
Suprimir en OPAC 0
Holdings
Estado de retiro Estado de pérdida Fuente del sistema de clasificación o colocación Estado dañado Restricciones de uso No para préstamo Código de colección Localización permanente Ubicación/localización actual Fecha de adquisición Información codificada de la localización en otra ubicación Total de préstamos Signatura topográfica completa Código de barras Fecha visto por última vez Precio válido a partir de Tipo de ítem Koha Número de copia
    Dewey Decimal Classification   Préstamo 15 días   General Centro Regional San Luis Acatlán Centro Regional San Luis Acatlán 05/03/2018 LIBRO   332.67 B3 1990 02000001389 31/12/2019 05/03/2018 Libro  
    Dewey Decimal Classification   Préstamo 15 días   General Centro Regional San Luis Acatlán Centro Regional San Luis Acatlán 09/03/2018 LIBRO   332.67 B3 1990 02000001458 31/12/2019 09/03/2018 Libro c.2
    Dewey Decimal Classification   Préstamo 15 días   General Centro Regional San Luis Acatlán Centro Regional San Luis Acatlán 09/03/2018 LIBRO   332.67 B3 1990 02000001459 31/12/2019 09/03/2018 Libro c.3